<?xml version="1.0" encoding="UTF-8"?>
<collection xmlns="http://www.loc.gov/MARC21/slim">
 <record>
  <leader>     na                 </leader>
  <controlfield tag="001">INLIS000000000000559</controlfield>
  <controlfield tag="005">20260226094913</controlfield>
  <datafield tag="035" ind1=" " ind2=" ">
   <subfield code="a">0010-0317000557</subfield>
  </datafield>
  <controlfield tag="008">260226                           0      </controlfield>
  <datafield tag="245" ind1="1" ind2=" ">
   <subfield code="a">Analytical artifacts : GC, MS, HPLC, TLC and PC /</subfield>
   <subfield code="c">Brian S. Middleditch</subfield>
  </datafield>
  <datafield tag="100" ind1="1" ind2=" ">
   <subfield code="a">Middleditch, Brian S.</subfield>
  </datafield>
  <datafield tag="260" ind1=" " ind2=" ">
   <subfield code=":"></subfield>
   <subfield code="b">Elsevier Science,</subfield>
   <subfield code="c">1989</subfield>
  </datafield>
  <datafield tag="300" ind1=" " ind2=" ">
   <subfield code="a">xxii, 1033 hlm. ;</subfield>
   <subfield code="c">25 cm</subfield>
  </datafield>
  <datafield tag="020" ind1=" " ind2=" ">
   <subfield code="a">044487586</subfield>
  </datafield>
  <datafield tag="084" ind1=" " ind2=" ">
   <subfield code="a">543.089 Mid a</subfield>
  </datafield>
  <datafield tag="082" ind1=" " ind2=" ">
   <subfield code="a">543.089</subfield>
  </datafield>
  <datafield tag="650" ind1=" " ind2=" ">
   <subfield code="a">ANALISIS KROMATOGRAFI</subfield>
  </datafield>
  <datafield tag="990" ind1=" " ind2=" ">
   <subfield code="a">099495412</subfield>
  </datafield>
 </record>
</collection>
